Minecraft Mobs nach Waffen erraten - Statistiken

Allgemein
  • Dieses Quiz wurde 1.441 mal gespielt
    1.401 seit der letzten Aktualisierung
  • Das Durchschnittsergebnis liegt bei 9 aus 15
Antwortstatistiken
Hint Antwort % Korrekt
Bogen Skelett
97%
Tränke Hexe
94%
Eisenschwert/ Eisenschaufel Zombie/ Zombiedorfbewohner
94%
Armbrust/ Goldschwert Piglin
92%
Armbrust Plünderer
79%
Eisenaxt Diener
74%
Steinschwert Witherskelett
72%
Zauberei Magier
60%
Alle Waffen Spieler
50%
Goldschwert Zombified Piglin
47%
Bogen Eiswanderer
41%
Goldaxt Piglin Barbar
39%
Eisenschwert Plagegeist
29%
Bogen (1.21) Bogged
18%
Bogen (nicht genutzt) Illusionist
9%
Keine übereinstimmenden Quizze gefunden
Verteilung der Resultate
Anzahl Personen mit jedem Resultat
Perzentil nach korrekt beantworteten Fragen
Ihre Resultats-Entwicklung
Sie haben dieses Quiz seit der letzten Aktualisierung nicht gespielt